Viete čo je controlling?

Výklad pojmu controlling, charakteristika controllingu ako podsystému systému riadenia. Miesto a úloha controllingu v podnikovom manažmente. Teoretické vymedzenie a definícia controllingu. Postavenie controllera ako pracovníka controllingu, ktorý svojimi skúsenosťami a vedomosťami o podniku zabezpeč...

ver descrição completa

Na minha lista:
Detalhes bibliográficos
Autor principal: Kalafutová, Ľudmila
Outros Autores: Markovič, Peter, 1974-
Formato: Capítulo de Livro
Idioma:eslovaco
Assuntos:
Tags: Adicionar Tag
Sem tags, seja o primeiro a adicionar uma tag!

MARC

LEADER 00000naa a2200000 4500
001 r026238
005 20240502071328.7
041 0 |a slo 
044 |a SK 
245 1 0 |a Viete čo je controlling?  |c Ľudmila Kalafutová, Peter Markovič 
520 |a Výklad pojmu controlling, charakteristika controllingu ako podsystému systému riadenia. Miesto a úloha controllingu v podnikovom manažmente. Teoretické vymedzenie a definícia controllingu. Postavenie controllera ako pracovníka controllingu, ktorý svojimi skúsenosťami a vedomosťami o podniku zabezpečuje bezporuchové fungovanie informačného toku v podniku. Postavenie controllingu v podniku. Strategický controlling. Štruktúra podnikového controllingu. 
610 2 0 |a kontroling 
610 2 0 |a definície 
610 2 0 |a kontroling strategický 
610 2 0 |a controller 
610 2 0 |a pojmy 
610 2 0 |a manažment 
610 2 0 |a poradenstvo 
610 2 0 |a manažéri 
610 2 0 |a informácie 
610 2 0 |a tok informácií 
610 2 0 |a riadenie vnútropodnikové 
610 2 0 |a štruktúra organizačná 
100 1 |a Kalafutová, Ľudmila 
700 1 |a Markovič, Peter, 1974-